|
|
|
|
| LEADER |
01891cas a2200301 a 4500 |
| 001 |
AALejournalIMF009713 |
| 008 |
230101c9999 xx r poo 0 0eng d |
| 020 |
|
|
|c 5.00 USD
|
| 020 |
|
|
|z 9781451868500
|
| 022 |
|
|
|a 1018-5941
|
| 040 |
|
|
|a BD-DhAAL
|c BD-DhAAL
|
| 100 |
1 |
|
|a Lyhagen, Johan.
|
| 245 |
1 |
0 |
|a Testing for Purchasing Power Parity in Cointegrated Panels /
|c Johan Lyhagen, Par Osterholm, Mikael Carlsson.
|
| 264 |
|
1 |
|a Washington, D.C. :
|b International Monetary Fund,
|c 2007.
|
| 300 |
|
|
|a 1 online resource (19 pages)
|
| 490 |
1 |
|
|a IMF Working Papers
|
| 500 |
|
|
|a <strong>Off-Campus Access:</strong> No User ID or Password Required
|
| 500 |
|
|
|a <strong>On-Campus Access:</strong> No User ID or Password Required
|
| 506 |
|
|
|a Electronic access restricted to authorized BRAC University faculty, staff and students
|
| 520 |
3 |
|
|a This paper applies the maximum likelihood panel cointegration method of Larsson and Lyhagen (2007) to test the strong PPP hypothesis using data for the G7 countries. This method is robust in several important dimensions relative to previous methods, including the well-known issue of cross-sectional dependence of error terms. The findings using this new method are contrasted to those from the Pedroni (1995) cointegration tests and fully modified OLS and dynamic OLS esimators of the cointegrating vectors. Our overall results are the same across all approaches: The strong PPP hypothesis is rejected in favour of weak PPP with heterogenenous cointegrating vectors.
|
| 538 |
|
|
|a Mode of access: Internet
|
| 650 |
|
7 |
|a Integrating Vector
|2 imf
|
| 650 |
|
7 |
|a WP
|2 imf
|
| 651 |
|
7 |
|a Italy
|2 imf
|
| 700 |
1 |
|
|a Carlsson, Mikael.
|
| 700 |
1 |
|
|a Osterholm, Par.
|
| 830 |
|
0 |
|a IMF Working Papers; Working Paper ;
|v No. 2007/287
|
| 856 |
4 |
0 |
|z Full text available on IMF
|u http://elibrary.imf.org/view/journals/001/2007/287/001.2007.issue-287-en.xml
|z IMF e-Library
|